| 000 | 01340nam a2200373 a 4500 | ||
|---|---|---|---|
| 001 | ebr10427285 | ||
| 003 | CaPaEBR | ||
| 006 | m u | ||
| 007 | cr cn||||||||| | ||
| 008 | 080505s2008 enk sb 001 0 eng | ||
| 010 | _z 2008020303 | ||
| 015 |
_aGBA8A3647 _2bnb |
||
| 016 | 7 |
_z014702787 _2Uk |
|
| 020 | _z9781847061621 (hbk) | ||
| 020 | _z1847061621 (hbk) | ||
| 020 | _z9781847061638 (pbk) | ||
| 020 | _z184706163X (pbk) | ||
| 040 |
_aCaPaEBR _cCaPaEBR |
||
| 035 | _a(OCoLC)680036237 | ||
| 050 | 1 | 4 |
_aB3317 _b.H224 2008eb |
| 082 | 0 | 4 |
_a193 _222 |
| 100 | 1 |
_aHaase, Ullrich M., _d1962- |
|
| 245 | 1 | 0 |
_aStarting with Nietzsche _h[electronic resource] / _cUllrich Haase. |
| 260 |
_aLondon ; _aNew York : _bContinuum, _cc2008. |
||
| 300 | _aix, 178 p. | ||
| 490 | 1 | _aStarting with | |
| 504 | _aIncludes bibliographical references (p. 171-173) and index. | ||
| 533 |
_aElectronic reproduction. _bPalo Alto, Calif. : _cebrary, _d2013. _nAvailable via World Wide Web. _nAccess may be limited to ebrary affiliated libraries. |
||
| 600 | 1 | 0 |
_aNietzsche, Friedrich Wilhelm, _d1844-1900. |
| 655 | 7 |
_aElectronic books. _2local |
|
| 710 | 2 | _aebrary, Inc. | |
| 830 | 0 | _aStarting with. | |
| 856 | 4 | 0 |
_uhttp://site.ebrary.com/lib/rucke/Doc?id=10427285 _zAn electronic book accessible through the World Wide Web; click to view |
| 999 |
_c240374 _d240374 |
||